00279nam a2200121Ia 45000030006000000080041000060400015000471000014000622450035000762600017001115460012001280050017001400STCL150530s9999 xx 000 0 und d aSTCLcSTCL aJha, L.K. aEconomic strategy for the 1980 bAlliedc1980 aEnglish20220125165538.0